Price theory and applications / (Record no. 297)
[ view plain ]
| 000 -LEADER | |
|---|---|
| fixed length control field | 01200nam a22001697a 4500 |
| 008 - FIXED-LENGTH DATA ELEMENTS--GENERAL INFORMATION | |
| fixed length control field | 111124t xxu||||| |||| 00| 0 eng d |
| 020 ## - INTERNATIONAL STANDARD BOOK NUMBER | |
| International Standard Book Number | 0324225172 |
| 050 ## - LIBRARY OF CONGRESS CALL NUMBER | |
| Classification number | HB172.L34 |
| 100 ## - MAIN ENTRY--PERSONAL NAME | |
| Personal name | Landsburg, Steven E. |
| 245 ## - TITLE STATEMENT | |
| Title | Price theory and applications / |
| Statement of responsibility, etc. | Steven E. Landsburg |
| 250 ## - EDITION STATEMENT | |
| Edition statement | 6th ed. |
| 260 ## - PUBLICATION, DISTRIBUTION, ETC. | |
| Place of publication, distribution, etc. | Australia: |
| Name of publisher, distributor, etc. | South Western, |
| Date of publication, distribution, etc. | 2005. |
| 300 ## - PHYSICAL DESCRIPTION | |
| Extent | xxx, 733 p.: |
| Other physical details | ill. |
| Dimensions | 25cm. |
| 500 ## - GENERAL NOTE | |
| General note | Includes index. |
| 505 ## - FORMATTED CONTENTS NOTE | |
| Formatted contents note | Contents: Supply, demand and equilibrium -- Prices, costs, and the gains from trade -- The Behavior of consumers -- Appendix: Cardinal utility -- Consumers in the marketplace -- The Behavior of firms -- Production costs -- Competition -- Welfare economics and the gains from trade -- Appendix: Normative criteria -- Knowledge and information -- Monopoly -- Market power, collusion and oligopoly -- The theory of games -- External costs and benefits -- Common property and public goods -- The Demand for factors of production -- The Market for labor -- Allocating goods over time -- Risk and uncertainty -- What is economics -- Appendix A: Calculus supplement -- Appendix B: Answers to exercises -- Appendix C: Answers to problem sets -- Glossary. |
| 942 ## - ADDED ENTRY ELEMENTS (KOHA) | |
| Source of classification or shelving scheme | Library of Congress Classification |
| Koha item type | Books |
| Withdrawn status | Lost status | Source of classification or shelving scheme | Damaged status | Not for loan | Home library | Current library | Shelving location | Date acquired | Total Checkouts | Full call number | Barcode | Date last seen | Copy number | Price effective from | Koha item type |
|---|---|---|---|---|---|---|---|---|---|---|---|---|---|---|---|
| Library of Congress Classification | WISCONSIN INTERNATIONAL UNIVERSITY COLLEGE, GHANA - MAIN LIBRARY | WISCONSIN INTERNATIONAL UNIVERSITY COLLEGE, GHANA - MAIN LIBRARY | General Stacks | 24/11/2011 | HB172.L34 | 872/11 | 24/11/2011 | 1 | 24/11/2011 | Books | |||||
| Library of Congress Classification | WISCONSIN INTERNATIONAL UNIVERSITY COLLEGE, GHANA - MAIN LIBRARY | WISCONSIN INTERNATIONAL UNIVERSITY COLLEGE, GHANA - MAIN LIBRARY | General Stacks | 24/11/2011 | HB172.L341 | 873/11 | 24/11/2011 | 2 | 24/11/2011 | Books | |||||
| Library of Congress Classification | WISCONSIN INTERNATIONAL UNIVERSITY COLLEGE, GHANA - MAIN LIBRARY | WISCONSIN INTERNATIONAL UNIVERSITY COLLEGE, GHANA - MAIN LIBRARY | General Stacks | 24/11/2011 | HB172.L342 | 874/11 | 24/11/2011 | 3 | 24/11/2011 | Books |
